00482nam a2200193Ia 4500008004100000020001800041050001400059100001800073245002400091245002100115260001500136260001600151260000900167300001500176300002700191300001000218300005200228500000800280170918s9999 xx 000 0 und d a9780516445373 bV458 1994 aVenezia, Mike aPeter Tchaikovsky / cby Mike Venezia. aNew York : bScholastic, c1994 a32 pages : bcolored illustration ; c24cm. eGetting to know the world's greatest composers. a970